| 000 | 00570nam a2200181Ia 4500 | ||
|---|---|---|---|
| 008 | 090124s9999 xx 000 0 und d | ||
| 082 | _b102811 | ||
| 100 | _aकोल्हटकर श्रीपद कृष्ण | ||
| 245 | _a मति विकार | ||
| 250 | _a1 | ||
| 260 | _c1948 | ||
| 300 | _a136 | ||
| 600 | _aकोल्हटकर श्रीपद कृष्ण | ||
| 630 | _a मति विकार | ||
| 700 | _aकोल्हटकर श्रीपद कृष्ण | ||
| 730 | _a मति विकार | ||
| 942 | _cBOOK | ||
| 999 |
_c148903 _d148903 |
||